000 00803nam a2200265 i 4500
003 DO-SdBNP
005 20230619105152.0
007 ta
008 230619b2022 dr ||||| |||| 00| 0 spa d
020 _a9789945182996
040 _aDO-SdBNP
_bspa
_cBNPHU
_erda
082 4 _222
100 _976238
_aLora, Sol
_eautora
245 1 0 _aTranseúnte fantasmal /
_cSol Lora ; edición, Ramón Saba
264 _aSanto Domingo :
_bSoto Castillo,
_c2022.
300 _a63 páginas ;
_c24 cm.
336 _2rdacontent
_atexto
_btxt
337 _2rdamedia
_asin mediación
_bn
338 _2rdacarrier
_avolumen
_bnc
500 _aIncluye datos biográficos de la autora en las solapas
590 _aInventariado, 2023/BT
700 1 _aSaba, Ramón,
_eedición
_971165
910 _aBtavárez
942 _2ddc
_cLBS1
999 _c53854
_d53854